00301nam a2200133Ia 45000030006000000080041000060400015000471000028000622450020000902600024001103000006001345460010001400050017001500STCL150530s9999 xx 000 0 und d aSTCLcSTCL aRamchandra Verma Sastri aSri Padma puran bAnupam Prakashanc0 a0 aHindi20220125171331.0